000 00353nam a22001217a 4500
008 160426b xxu||||| |||| 00| 0 eng d
020 _a9781416000884
020 _a1416000884
041 _aeng
080 _a618.2
245 _aPsychiatric mental health nursing:
_cElizabeth M. Varcarolis;Verna Benner Carson; Nancy Christine Shoemaker;
942 _2udc
_cBK
999 _c1601
_d1601